000
00328nam a2200121 a 4500
005
20141022142000.0
008
080911s19uu xx 00 eng d
050
_a
VHS
_b
AJN1 2003
245
_a
AJN: Physical assessment of the abdomen.
650
_a
VHS Nursing.
650
_a
Physical assessment of the abdomen.
942
_c
AVM
999
_c
276190
_d
276190